000 00653nam a2200229Ia 4500
003 OSt
005 20220928130605.0
006 a|||||r|||| 00| 0
007 ta
008 220927b |||||||| |||| 00| 0 eng d
024 _a31127
037 _cReference Collections
040 _aSDCL
_cSDCL
_beng
041 _2eng
_aeng
082 _aQ2:332w, N8 RR
100 _aKrishnamani M N
_9474889
245 0 _aGodly men and their golden words.
260 _aDelhi
_bRashtriya Sanskrit Sansthan
_c1998
300 _axxi,841p
_ccm.
942 _hQ2:332w, N8 RR
_cREF
_2CC
999 _c787442
_d787442